00414nam a2200157Ia 4500008004100000020001600041040001900057041001200076082002300088100001800111245004100129260003200170300002100202650002300223850001000246131103s9999 xx 000 0 und d a034063975 X aLoreto College aEnglish aF/HOWbLCLIB/39252 aHoward,Audrey 2aA world of differencecAudrey Howard aLondonbCoronet Booksc1995 a583 p. c 18 cm. aFiction in English aLCLIB